|
|
|
|
| LEADER |
02961nam a2200469 4500 |
| 001 |
978-3-540-49439-3 |
| 003 |
DE-He213 |
| 005 |
20190617211953.0 |
| 007 |
cr nn 008mamaa |
| 008 |
121227s1998 gw | s |||| 0|eng d |
| 020 |
|
|
|a 9783540494393
|9 978-3-540-49439-3
|
| 024 |
7 |
|
|a 10.1007/b71630
|2 doi
|
| 040 |
|
|
|d GrThAP
|
| 050 |
|
4 |
|a QA76.758
|
| 072 |
|
7 |
|a UMZ
|2 bicssc
|
| 072 |
|
7 |
|a COM051230
|2 bisacsh
|
| 072 |
|
7 |
|a UMZ
|2 thema
|
| 082 |
0 |
4 |
|a 005.1
|2 23
|
| 245 |
1 |
0 |
|a Requirements Targeting Software and Systems Engineering
|h [electronic resource] :
|b International Workshop RTSE '97, Bernried, Germany, October 12-14, 1997 /
|c edited by Manfred Broy, Bernhard Rumpe.
|
| 250 |
|
|
|a 1st ed. 1998.
|
| 264 |
|
1 |
|a Berlin, Heidelberg :
|b Springer Berlin Heidelberg :
|b Imprint: Springer,
|c 1998.
|
| 300 |
|
|
|a VIII, 357 p.
|b online resource.
|
| 336 |
|
|
|a text
|b txt
|2 rdacontent
|
| 337 |
|
|
|a computer
|b c
|2 rdamedia
|
| 338 |
|
|
|a online resource
|b cr
|2 rdacarrier
|
| 347 |
|
|
|a text file
|b PDF
|2 rda
|
| 490 |
1 |
|
|a Lecture Notes in Computer Science,
|x 0302-9743 ;
|v 1526
|
| 505 |
0 |
|
|a Foundations of Software Engineering -- Domains as a Prerequisite for Requirements and Software Domain Perspectives and Facets, Requirements Aspects and Software Views -- Software and System Modeling Based on a Unified Formal Semantics -- Postmodern Software Design with NYAM: Not Yet Another Method -- Methodology -- A Discipline for Handling Feature Interaction -- Merging Changes to Software Specifications -- Combining and Distributing Hierarchical Systems -- Software Engineering Issues for Network Computing -- A Two-Layered Approach to Support Systematic Software Development -- Evaluation and Case Studies -- A Framework for Evaluating System and Software Requirements Specification Approaches -- Formal Methods and Industrial-Strength Computer Networks -- Tool Support and Prototyping -- Integration Tools Supporting Development Processes -- Formal Models and Prototyping -- Abstraction and Modular Verification of Infinite-State Reactive Systems -- NSA's MISSI Reference Architecture - Moving from Prose to Precise Specifications -- Requirements Engineering Repositories: Formal Support for Informal Teamwork Methods.
|
| 650 |
|
0 |
|a Software engineering.
|
| 650 |
1 |
4 |
|a Software Engineering.
|0 http://scigraph.springernature.com/things/product-market-codes/I14029
|
| 700 |
1 |
|
|a Broy, Manfred.
|e editor.
|4 edt
|4 http://id.loc.gov/vocabulary/relators/edt
|
| 700 |
1 |
|
|a Rumpe, Bernhard.
|e editor.
|4 edt
|4 http://id.loc.gov/vocabulary/relators/edt
|
| 710 |
2 |
|
|a SpringerLink (Online service)
|
| 773 |
0 |
|
|t Springer eBooks
|
| 776 |
0 |
8 |
|i Printed edition:
|z 9783540653097
|
| 776 |
0 |
8 |
|i Printed edition:
|z 9783662208731
|
| 830 |
|
0 |
|a Lecture Notes in Computer Science,
|x 0302-9743 ;
|v 1526
|
| 856 |
4 |
0 |
|u https://doi.org/10.1007/b71630
|z Full Text via HEAL-Link
|
| 912 |
|
|
|a ZDB-2-SCS
|
| 912 |
|
|
|a ZDB-2-LNC
|
| 912 |
|
|
|a ZDB-2-BAE
|
| 950 |
|
|
|a Computer Science (Springer-11645)
|